000 01050nam a22003135i 4500
001 13610
003 ES-MaACL
005 20260526163231.0
007 t|
008 930224s1993 sp ||||0| spa j
020 _a84-87169-41-4
040 _aM-BN
_bspa
_cM-BN
080 _a329.285(460.355)"1931/39"
080 _a329.285(460.35)"1931/39"
100 1 _aGutiérrez Molina, José Luis.
_961186
245 1 3 _aLa idea revolucionaria
_b: el anarquismo organizado en Andalucía y Cádiz durante los años treinta /
_cJosé Luis Gutiérrez Molina.
260 _aMóstoles, Madrid :
_bMadre Tierra ;
_aSevilla :
_bLas Siete Entidades,
_cD.L. 1993.
300 _a235 p. :
_bil. ;
_c21 cm.
490 1 _aHistoria ;
_v1
500 _aIndices.
504 _aBibliografía: p. 181-200.
650 7 _aAnarquismo
_2embne
_99783
650 _aAnarquismo-
_zAndalucía.
_9169522
650 _aAnarquismo-
_zCádiz (Provincia)
_99788
830 0 _aHistoria ;
_v1
_9177536
852 _aES-MaACL
_jL-20902
_bR.121395
942 _2udc
999 _c13610
_d13610